<?xml version="1.0" encoding="UTF-8"?>
<record
    xmlns:xsi="http://www.w3.org/2001/XMLSchema-instance"
    xsi:schemaLocation="http://www.loc.gov/MARC21/slim http://www.loc.gov/standards/marcxml/schema/MARC21slim.xsd"
    xmlns="http://www.loc.gov/MARC21/slim">

  <leader>00945nam a22002417a 4500</leader>
  <controlfield tag="003">OSt</controlfield>
  <controlfield tag="005">20240113032733.0</controlfield>
  <controlfield tag="008">210318b           ||||| |||| 00| 0 eng d</controlfield>
  <datafield tag="020" ind1=" " ind2=" ">
    <subfield code="a">9710388455 </subfield>
  </datafield>
  <datafield tag="040" ind1=" " ind2=" ">
    <subfield code="b">English.</subfield>
    <subfield code="c">CvSU-CCAT Campus Library.</subfield>
    <subfield code="e">rda.</subfield>
    <subfield code="a">CvSU-CCAT Campus Library.</subfield>
  </datafield>
  <datafield tag="050" ind1=" " ind2=" ">
    <subfield code="a">F LB 3051</subfield>
    <subfield code="b">G37 2008</subfield>
  </datafield>
  <datafield tag="082" ind1=" " ind2=" ">
    <subfield code="a">371.264 </subfield>
    <subfield code="b">G165m 2008 </subfield>
    <subfield code="2">20</subfield>
  </datafield>
  <datafield tag="100" ind1=" " ind2=" ">
    <subfield code="a">Garcia, Carlito D., author. </subfield>
    <subfield code="9">2630</subfield>
  </datafield>
  <datafield tag="245" ind1=" " ind2=" ">
    <subfield code="a">Measuring and evaluating learning outcomes : </subfield>
    <subfield code="b">a textbook in assessment of learning 1 &amp; 2 / </subfield>
    <subfield code="c">Carlito D. Garcia.</subfield>
  </datafield>
  <datafield tag="260" ind1=" " ind2=" ">
    <subfield code="a">Mandaluyong City : </subfield>
    <subfield code="b">Books Atbp. Publishing Corp., </subfield>
    <subfield code="c">2008.</subfield>
  </datafield>
  <datafield tag="300" ind1=" " ind2=" ">
    <subfield code="a"> xiv, 324 pages : </subfield>
    <subfield code="b">illustrations ;</subfield>
    <subfield code="c">26 cm</subfield>
  </datafield>
  <datafield tag="504" ind1=" " ind2=" ">
    <subfield code="a">Includes bibliographical references.</subfield>
  </datafield>
  <datafield tag="546" ind1=" " ind2=" ">
    <subfield code="a">In English text.</subfield>
  </datafield>
  <datafield tag="600" ind1=" " ind2=" ">
    <subfield code="a">Carlito D. Garcia </subfield>
    <subfield code="9">2631</subfield>
  </datafield>
  <datafield tag="650" ind1=" " ind2=" ">
    <subfield code="2">Educational test and measurements. </subfield>
  </datafield>
  <datafield tag="942" ind1=" " ind2=" ">
    <subfield code="c">BK</subfield>
    <subfield code="2">lcc</subfield>
    <subfield code="h">LB 3051 G37 2008</subfield>
    <subfield code="k">F</subfield>
  </datafield>
  <datafield tag="999" ind1=" " ind2=" ">
    <subfield code="c">907</subfield>
    <subfield code="d">907</subfield>
  </datafield>
  <datafield tag="952" ind1=" " ind2=" ">
    <subfield code="0">0</subfield>
    <subfield code="1">0</subfield>
    <subfield code="2">lcc</subfield>
    <subfield code="4">0</subfield>
    <subfield code="7">0</subfield>
    <subfield code="8">NF</subfield>
    <subfield code="a">CCATLIB</subfield>
    <subfield code="b">CCATLIB</subfield>
    <subfield code="c">F</subfield>
    <subfield code="d">2024-01-12</subfield>
    <subfield code="e">Purchased</subfield>
    <subfield code="f">F</subfield>
    <subfield code="o">F LB 3051 G37 2008</subfield>
    <subfield code="p">R0009007</subfield>
    <subfield code="r">2025-10-15 00:00:00</subfield>
    <subfield code="t">c.1</subfield>
    <subfield code="w">2021-03-18</subfield>
    <subfield code="y">BK</subfield>
  </datafield>
  <datafield tag="952" ind1=" " ind2=" ">
    <subfield code="0">0</subfield>
    <subfield code="1">0</subfield>
    <subfield code="2">lcc</subfield>
    <subfield code="4">0</subfield>
    <subfield code="7">0</subfield>
    <subfield code="8">NF</subfield>
    <subfield code="a">CCATLIB</subfield>
    <subfield code="b">CCATLIB</subfield>
    <subfield code="c">F</subfield>
    <subfield code="d">2024-01-12</subfield>
    <subfield code="e">Purchased</subfield>
    <subfield code="f">F</subfield>
    <subfield code="l">1</subfield>
    <subfield code="m">3</subfield>
    <subfield code="o">F LB 3051 G37 2008</subfield>
    <subfield code="p">R0009008</subfield>
    <subfield code="r">2025-10-15 00:00:00</subfield>
    <subfield code="s">2025-02-24</subfield>
    <subfield code="t">c.2</subfield>
    <subfield code="w">2021-03-18</subfield>
    <subfield code="y">BK</subfield>
  </datafield>
  <datafield tag="952" ind1=" " ind2=" ">
    <subfield code="0">0</subfield>
    <subfield code="1">0</subfield>
    <subfield code="2">lcc</subfield>
    <subfield code="4">0</subfield>
    <subfield code="7">0</subfield>
    <subfield code="8">NF</subfield>
    <subfield code="a">CCATLIB</subfield>
    <subfield code="b">CCATLIB</subfield>
    <subfield code="c">F</subfield>
    <subfield code="d">2024-01-12</subfield>
    <subfield code="e">Purchased</subfield>
    <subfield code="f">F</subfield>
    <subfield code="l">1</subfield>
    <subfield code="m">7</subfield>
    <subfield code="o">F LB 3051 G37 2008</subfield>
    <subfield code="p">R0009009</subfield>
    <subfield code="r">2025-10-15 00:00:00</subfield>
    <subfield code="s">2024-02-29</subfield>
    <subfield code="t">c.3</subfield>
    <subfield code="w">2021-03-18</subfield>
    <subfield code="y">BK</subfield>
  </datafield>
</record>
